00298nam a2200097Ia 4500008004100000100002100041245007000062260004200132260000900174999001700183170620s9999 xx 000 0 und d aDevi- T. Kalyani 0aHome and School Environment- Their influence on perceptual styles bNew Delhi- Discovery Publishing House c2004 c24386d24386